| 000 | 01215nam a2200229Ia 4500 | ||
|---|---|---|---|
| 001 | L180-1586 | ||
| 003 | IT-CnALBA | ||
| 008 | 170116s9999||||xx |||||||||||||| ||und|| | ||
| 040 |
_aIT-CnALBA _cIT-CnALBA |
||
| 041 | _aFRANCESE | ||
| 100 | _aGARIBOL IBN SHELOMOH | ||
| 245 | 0 | _aLA SOURCE DE VIE. LIVRE III. | |
| 250 | _a1a ed. | ||
| 260 |
_a PARIS _bVRIN J. LIBRAIRIE PHILOSOPH. _c1950 [1° Ed.:1950 - Ed.Ling.Originale: 1950] |
||
| 300 | _a190 p. | ||
| 500 | _aTRADUZIONE INTRODUZIONE E NOTE DI BRUNNER FERNAMD. ACCIDENTE ATTO AZIONE ANIMA. CALORE CIELO CONSCENZA CORPO COLORE. CEAZIONE DIO DIREZIONE DISPERSIONE EMANAZIONE. AVVOLGIMENTO SPIRITO ESSENZA ETRNITA'. ESISTENZA LIMITATO FORZA FORMA. GENERE UOMO. FANTASI | ||
| 501 | _aSocietà San Paolo EM - Piazza San Paolo, 14 - 12051 ALBA (CN) (non commercial uses only) ® Copyright 2017 | ||
| 520 | _aTRADUZIONE INTRODUZIONE E NOTE DI BRUNNER FERNAMD. ACCIDENTE ATTO AZIONE ANIMA. CALORE CIELO CONSCENZA CORPO COLORE. CEAZIONE DIO DIREZIONE DISPERSIONE EMANAZIONE. AVVOLGIMENTO SPIRITO ESSENZA ETRNITA'. ESISTENZA LIMITATO FORZA FORMA. GENERE UOMO. FANTASI | ||
| 650 | _aFILOSOFIA ANTICA MEDIOEVALE ORIENTALE | ||
| 942 | _cBK | ||
| 957 | _71 | ||
| 999 |
_a2574 _bNO _g Copie: 1 _c260811 _d260811 |
||